| 000 | 01273nam a22002897a 4500 | ||
|---|---|---|---|
| 003 | DO-SdBNP | ||
| 005 | 20230704132309.0 | ||
| 007 | ta | ||
| 008 | 210922b 2021 dr 00| 0spa d | ||
| 020 | _a9789945927900 | ||
| 040 |
_aDO-SdBNP _bspa _cBPMSU |
||
| 082 | 4 |
_a320.907293 _bM478p 2021 _222 |
|
| 100 | 1 | _aMckinney, Pablo | |
| 245 | 1 | 3 |
_aEl precio de vencer / _cPablo McKinney ; edición y corrección: Felipe Ciprián prólogo de Nelson Espinal Báez. |
| 260 |
_aSanto Domingo : _bDircom Editorial, _c2021. |
||
| 300 |
_a209 p. ; _c22 cm. |
||
| 500 | _aIncluye datos biográficos del autor en la solapa de la cubierta | ||
| 505 | _aY poco más -- Prólogo de Nelson Espinal Báez -- Atrio -- Entre el espanto y la locura -- La corrupción es un arma cargada de cianuro -- A la caza del Octubre Rojo -- El presidente sureño de las sorpresas -- Margarita y el mar -- La reelección y su efecto narcótico -- Consummátum est. | ||
| 590 | _aInventariado, 2023/VM | ||
| 650 | 4 | _a | |
| 651 | 4 |
_aRepública Dominicana _xPolítica y gobierno _y2008-2019 |
|
| 651 | 4 |
_aRepública Dominicana _xAspectos político |
|
| 700 | 1 |
_aEspinal Báez, Nelson, _epról. |
|
| 700 | 1 |
_aCiprián, Felipe _eed. |
|
| 910 | _aVMateo V. Control de calidad (BPMSU) | ||
| 942 |
_2ddc _cBK |
||
| 999 |
_c14397 _d14397 |
||